Podpory agropotravinárstva zo štátneho rozpočtu sa vlani zvýšili, ale sa aj sprísnila kontrola ich použitia

Spôsoby poskytovania dotácií do agropotravinárstva. Zameranie dotačnej politiky. Sprísnenie kritérií pri poskytovaní dotácií. Nové dotačné tituly zavedené v r. 1997. Neplnenie záväzku Slovenska voči Svetovej obchodnej organizácii (WTO) v objeme exportných dotácií v r. 1997. Perspektíva zvýšenia účin...

Descrizione completa

Salvato in:
Dettagli Bibliografici
Autore principale: Solíková, Helena
Natura: Capitolo di libro
Lingua:slovacco
Soggetti:
Tags: Aggiungi Tag
Nessun Tag, puoi essere il primo ad aggiungerne!!

MARC

LEADER 00000naa a2200000 4500
001 r032797
005 20230921084023.0
041 0 |a slo 
044 |a SK 
245 1 0 |a Podpory agropotravinárstva zo štátneho rozpočtu sa vlani zvýšili, ale sa aj sprísnila kontrola ich použitia  |c Helena Solíková 
520 |a Spôsoby poskytovania dotácií do agropotravinárstva. Zameranie dotačnej politiky. Sprísnenie kritérií pri poskytovaní dotácií. Nové dotačné tituly zavedené v r. 1997. Neplnenie záväzku Slovenska voči Svetovej obchodnej organizácii (WTO) v objeme exportných dotácií v r. 1997. Perspektíva zvýšenia účinnosti dotácií. 
610 2 0 |a poľnohospodárstvo 
610 2 0 |a potravinárstvo 
610 2 0 |a dotácie 
610 2 0 |a ekológia 
610 2 0 |a vývoz 
610 2 0 |a Slovensko 
610 2 0 |a 1997 
100 1 |a Solíková, Helena